000 00593 a2200169 4500
020 _a0521423236
040 _aDLC
_bDLC
082 0 0 _a535.15
100 1 _aBaierlein, Ralph.
245 1 0 _aNewton to Einstein : the trail of light : an excursion to the wave-particle duality and the special theory of relativity
_cRalph Baierlein.
250 _a1st pbk. ed.
260 _aCambridge, UK ;
_aNew York :
_bCambridge University Press,
_c2001.
300 _axvi, 329 p. :
_bill. ;
_c25 cm.
650 0 _aWave-particle duality.
650 0 _aSpecial relativity (Physics)
942 _cBK
_k535.15 BAI
_2ddc
999 _c7752
_d7752